"And" Countries - Statistics

General Stats
  • This quiz has been taken 1,027 times
    642 since last reset
  • The average score is 12 of 20
Answer Stats
Countries % Correct
St. Kitts AND Nevis
86%
St. Vincent AND the Grenadines
84%
Antigua AND Barbuda
82%
Trinidad AND Tobago
80%
Bosnia AND Herzegovina
76%
São Tomé AND Príncipe
70%
IcelAND
65%
FinlAND
63%
IrelAND
63%
PolAND
62%
ThailAND
59%
ANDorra
57%
NetherlANDs
56%
New ZealAND
56%
SwitzerlAND
55%
Marshall IslANDs
45%
Solomon IslANDs
44%
United Kingdom of Great Britain AND Northern IrelAND
40%
RwANDa
37%
UgANDa
37%
No matching quizzes found
Score Distribution
Percent of People with Each Score
Percentile by Number Answered
Your Score History
You have not taken this quiz since the last reset